Music Quiz

Random Music or Song Quiz

Dynamic (Musical) Duos Quiz Stats

 Plays Quiz Updated Feb 18, 2019

     
Support Sporcle.
Go Orange.
Score 0/40 Timer 10:00
0 Plays Today
1st part 2nd part % Correct
Salt 'nPepa
87.8%
Sonny &Cher
81.6%
Simon &Garfunkel
77.8%
Brooks &Dunn
65.9%
Ike &Tina Turner
64.5%
Donny &Marie Osmond
62.4%
Daryl Hall &John Oates
62%
DJ Jazzy Jeff &The Fresh Prince
60.6%
Godley &Creme
54.4%
Big &Rich
51.4%
K-Ci &JoJo
44.9%
Kid 'nPlay
44.2%
Aly &AJ
43.2%
Captain &Tennille
36.3%
Peaches &Herb
34.3%
Loggins &Messina
30.7%
Tegan &Sara
29.7%
Jan &Dean
28.7%
Ashford &Simpson
26.3%
Sam &Dave
24%
1st part 2nd part % Correct
Paul &Paula
22.7%
Seals &Crofts
22.2%
Eric B &Rakim
17.8%
Marvin Gaye &Tammi Terrell
14.8%
England Dan &John Ford Coley
14%
Evan &Jaron
11.8%
Chad &Jeremy
11%
Zager &Evans
9.7%
Marilyn McCoo &Billy Davis Jr.
9.2%
Rob Base &DJ EZ-Rock
8.6%
Peter &Gordon
8%
Mel &Kim
7.9%
Brewer &Shipley
7.4%
Delaney &Bonnie
7.1%
Les Paul &Mary Ford
6.4%
Charles &Eddie
6.2%
McFadden &Whitehead
6.1%
Ian &Sylvia
4.3%
Buckner &Garcia
3.8%
Mel &Tim
3.7%

From the Vault

Ain't Ain't a Word!

by DJC83

This is the most negative quiz on Sporcle.
Remove Ads.
Support Sporcle.
Get the best of Sporcle when you Go Orange. This ad-free experience offers more features, more stats, and more fun while also helping to support Sporcle. Thank you for becoming a member.

Show Comments

Extras

Top Quizzes Today


Score Distribution

Your Account Isn't Verified!

In order to create a playlist on Sporcle, you need to verify the email address you used during registration. Go to your Sporcle Settings to finish the process.

Report this User

Report this user for behavior that violates our Community Guidelines.

Details: